Electronic Projects (Record no. 612068)
[ view plain ]
| 000 -LEADER | |
|---|---|
| fixed length control field | 00302nam a22001217a 4500 |
| 040 ## - CATALOGING SOURCE | |
| Transcribing agency | Nust |
| 082 ## - DEWEY DECIMAL CLASSIFICATION NUMBER | |
| Classification number | 621.381 |
| Author Mark | ELE'C |
| 245 ## - TITLE STATEMENT | |
| Title | Electronic Projects |
| 250 ## - EDITION STATEMENT | |
| Edition statement | VOL: 11 |
| 260 ## - PUBLICATION, DISTRIBUTION, ETC. | |
| Place of publication, distribution, etc. | New Delhi: |
| Name of publisher, distributor, etc. | Eye enterprises publishing, |
| Date of publication, distribution, etc. | 1996. |
| 650 ## - SUBJECT ADDED ENTRY--TOPICAL TERM | |
| Topical term or geographic name entry element | Electronic Projects |
| 9 (RLIN) | 62950 |
| 942 ## - ADDED ENTRY ELEMENTS (KOHA) | |
| Source of classification or shelving scheme | |
| Koha item type | Book |
No items available.
